| 000 | 00840cam a2200133 4500500 | ||
|---|---|---|---|
| 005 | 20260405085603.0 | ||
| 041 | _afre | ||
| 042 | _adc | ||
| 100 | 1 | 0 |
_aPougeoise, Michel _eauthor |
| 245 | 0 | 0 | _aDictionnaire didactique de la langue française : Grammaire, linguistique, rhétorique, narratologie, expression et stylistique, avec la conjugaison de |
| 260 |
_bArmand Colin,
_c2016. |
||
| 520 | _a1 000 définitions expliquées et illustrées avec des exemples pertinents et nouveaux.Grammaire moderne: syntaxe, morphologie, conjugaison. - Linguistique: sémiologie narrative, rhétorique, analyse littéraire. - Difficultés: problèmes d’accord, de construction d’orthographe, anglicismes. | ||
| 856 | 4 | 1 | _uhttps://shs.cairn.info/dictionnaire-didactique-de-la-langue-francaise--9782200014315?lang=fr&redirect-ssocas=7080 |
| 999 |
_c2198748 _d2198748 |
||